Ultimate Mean Girls Cast - Statistics

General Stats
  • This quiz has been taken 409 times
    372 since last reset
  • The average score is 11 of 20
Answer Stats
Hint Answer % Correct
Queen Bee Regina George
96%
Main Character Cady Heron
93%
Speaker Of Fetch Gretchen Weiners
92%
The Stupid One Karen Smith
89%
^^^Played By Lindsay Lohan
83%
Main Character's Crush Aaron Samuels
82%
^^^Played By Amy Poehler
78%
Main Character's Gay Friend Damian
78%
^^^Played By Rachel McAdams
72%
Main Charcter's New Best Friend Janis Ian
70%
^^^Played By Amanda Seyfried
58%
^^^Played By Tina Fey
56%
Cool Mom Mrs. George
49%
Math Teacher Ms. Norbury
37%
Principal Mr. Duvall
35%
^^^Played By Lacey Chabert
26%
^^^Played By Jonathan Bennett
18%
^^^Played By Lizzy Caplan
15%
^^^Played By Tim Meadows
15%
^^^Played By Daniel Franzese
8%
No matching quizzes found
Score Distribution
Percent of People with Each Score
Percentile by Number Answered
Your Score History
You have not taken this quiz since the last reset